The psychodynamics of yoga / (Record no. 135270)

MARC details
000 -LEADER
fixed length control field 00643nam a22002297a 4500
005 - DATE AND TIME OF LATEST TRANSACTION
control field 20170124110242.0
010 ## - LIBRARY OF CONGRESS CONTROL NUMBER
LC control number A-066697
020 ## - INTERNATIONAL STANDARD BOOK NUMBER
Terms of availability 45.00
035 ## - SYSTEM CONTROL NUMBER
System control number A-066697
037 ## - SOURCE OF ACQUISITION
Source of stock number/acquisition Cen Lib/Ret
040 ## - CATALOGING SOURCE
Original cataloging agency DPL
Language of cataloging EN
082 ## - DEWEY DECIMAL CLASSIFICATION NUMBER
Classification number 181.432
Item number SHA
100 ## - MAIN ENTRY--PERSONAL NAME
Personal name Sharma, H.L.
9 (RLIN) 34444
245 ## - TITLE STATEMENT
Title The psychodynamics of yoga /
Statement of responsibility, etc by H. L. Sharma
260 ## - PUBLICATION, DISTRIBUTION, ETC. (IMPRINT)
Place of publication, distribution, etc Delhi
Name of publisher, distributor, etc GDK Publications
Date of publication, distribution, etc 1981
270 ## - ADDRESS
Address 3623, Chawari Bazar
City Delhi
Postal code 110006
300 ## - PHYSICAL DESCRIPTION
Extent 160p.
Dimensions 21cm(Hb)
500 ## - GENERAL NOTE
General note includes index
650 ## - SUBJECT ADDED ENTRY--TOPICAL TERM
Topical term or geographic name as entry element Psychology
9 (RLIN) 107445
650 ## - SUBJECT ADDED ENTRY--TOPICAL TERM
Topical term or geographic name as entry element Psychology -- dynamics
9 (RLIN) 95778
942 ## - ADDED ENTRY ELEMENTS (KOHA)
Source of classification or shelving scheme Dewey Decimal Classification
Koha item type English Books
Classification part 181.432
Call number suffix SHA
Holdings
Withdrawn status Lost status Damaged status Not for loan Home library Current library Date acquired Source of acquisition Cost, normal purchase price Total Checkouts Total Renewals Full call number Barcode Date last seen Date checked out Copy number Cost, replacement price Price effective from Koha item type
        Central Library Central Library 03/10/2015 Cen Lib/Ref 45.00 3 2 181.432 SHA A-066697 01/06/2024 18/05/2024 1 45.00 03/10/2015 English Books

© Delhi Public Library
Hit Counter
free hit counter